000 00402nam a22001457a 4500
003 OSt
005 20160727222450.0
008 160704b xxu||||| |||| 00| 0 eng d
040 _cTEST
100 _92034
_a Field Enterprises Educational
245 _aThe World Book Year Book - 1974
260 _aSydney
_b Field Edu.Enterprises
_c1974
300 _aThe World Book Year Book - 1974
942 _2ddc
_cBK
999 _c1733
_d1733